1316 1965 1734 1464 1497 1951 1699 1173 1966 1738 1271 1578 1995 1582 1431 1552 1954 1187 1527 1179 1596 1076 1486 1272 1678 1601 1706 1032 1460 1751 1839 1639 1819 1481 1477 1370 1789 1367 1696 1726 1650 1324 1506 1056 1972 1858 1109 1603 1323 1274 1744 1873 1091 1807 1880 1161 1860 1886 1842 1332 1749 1624 1687 1788 1310 1810 1707 1586 1923 1586 1926 1332 1232 1151 1160 1887 1674 1768 1737 1370 1618 1101 1862 1123 1080 1586 1456 1792 1136 1762 1427 1205 1158 1462 1529 1943 1012 1473 1732 BCNSPRNW ULIB Ver.6.0+V

เปลี่ยนเป็นภาษาไทย

Change to English
 แสดงรายละเอียดบรรณานุกรม
  กลับหน้าหลัก

Brief Record : Get Marc (ISO 2709) : E-mail record : QR code < ปิดหน้าต่าง
LEADER : 00000nam 2200000uu 4500
001    13399120155
003     ULIB
008    120905s2553||||th 000 0 tha d
020    ^a9789744655453
060    ^aW84^bอ823ก
100    ^aอุทัยวรรณ สุกิมานิล
245    ^aการบริการปฐมภูมิ. =^bPrimary care./^cโดย อุทัยวรรณ สุกิมานิล
246    ^aPrimary care
250    ^aพิมพ์ครั้งที่ 2
260    ^aนนทบุรี:^bโครงการสวัสดิการวิชาการ สถาบันพระบรมราชชนก,^c2553.
300    ^a263 หน้า
650    ^aการบริการด้านสุขภาพ
650  0 ^aบริการปฐมภูมิ
650  0 ^aสุขภาพ
945    ^p320^l0^i032734
945    ^p320^l0^i032735
945    ^p320^l0^i032736
999    ^aทศพร
รายการนี้ยังไม่มีแท็ก
คุณยังไม่ได้ล็อกอิน คุณสามารถมีกิจกรรมร่วมกับเว็บไซต์ได้ แต่ต้องล็อกอินก่อน ::
  ล็อกอิน

รายการสื่อสารสนเทศ

ลำดับที่ ประเภท เลขเรียก/บาร์โค้ด สถานที่ สถานะ
1. วิทยาศาสตร์การแพทย์ และสุขภาพ
หนังสือสำรอง
สถานะ=หนังสือสำรอง
W84 อ823ก ฉ.1 
  Barcode: 032734
ห้องสมุดวิทยาเขตสวรรค์ประชารักษ์
►ส่วนจัดเก็บหนังสือเก่า สปร
บนชั้น
  ขอยืม
2. วิทยาศาสตร์การแพทย์ และสุขภาพ
วิทยาศาสตร์การแพทย์ และสุขภาพ
W84 อ823ก ฉ.2 
  Barcode: 032735
ห้องสมุดวิทยาเขตสวรรค์ประชารักษ์
►ส่วนจัดเก็บหนังสือเก่า สปร
บนชั้น
  ขอยืม
3. วิทยาศาสตร์การแพทย์ และสุขภาพ
วิทยาศาสตร์การแพทย์ และสุขภาพ
W84 อ823ก ฉ.3 
  Barcode: 032736
ห้องสมุดวิทยาเขตสวรรค์ประชารักษ์
►ส่วนจัดเก็บหนังสือเก่า สปร
บนชั้น
  ขอยืม

รายการใกล้เคียง
    ผู้แต่ง [อุทัยวรรณ สุกิมานิล]

    หัวเรื่อง [การบริการด้านสุขภาพ]
    หัวเรื่อง [บริการปฐมภูมิ]
    หัวเรื่อง [สุขภาพ]

BibComment


ยังไม่เคยถูกคอมเมนท์

คอมเมนท์ทรัพยากรรายการนี้
  คอมเมนท์: การบริการปฐมภูมิ..


 Copyright 2026. Bcnsprnw @Library